| 000 | 01568cad a22003015a 4500 | ||
|---|---|---|---|
| 001 | L144901 | ||
| 008 | 080819s2008 xxk f 000 0 eng d | ||
| 020 | _a9780860176695 | ||
| 035 | _a(Sirsi) u144901 | ||
| 041 | 0 | _aeng | |
| 050 | 0 | 4 | _a690.22 $2 22 |
| 100 | 1 | _aBielby, Steve | |
| 245 | 0 | 0 |
_aSite safety handbook _h[electronic resource] |
| 250 | _a4th. ed. | ||
| 260 |
_aLondon _bCIRIA _c2008 |
||
| 300 |
_a162p. _bill. _c21cm. |
||
| 490 | 0 |
_aCIRIA _vC669 |
|
| 505 | 2 | _aBefore going on site -- Site activities and hazards --Your contribution -- Further help and information | |
| 520 | _aProvides awareness on construction site hazards. Gives advice on safer practices and how to manage health and safety on a construction site. Details the basic safety measures necessary before going on site. Explains how professionals can contribute personally to health and safety on a construction site. Includes recent health and safety regulations. Written for workers, engineers, architects and surveyors and especially those working on site for the first time. Contains a list of useful contacts, legislation, and Health and Safety Executive publications. | ||
| 520 | _aSupersedes 3rd ed. ISBN 0860178005 | ||
| 521 | _aAdvanced | ||
| 590 | _aKA | ||
| 651 | 4 |
_aEngland and Wales _y1543- |
|
| 690 | _aMANAGEMENT-HEALTH AND SAFETY | ||
| 700 | 1 |
_aGilbertson, Alan _eAdapt. |
|
| 856 | 4 | 8 |
_uhttps://www.ciria.org/service/Web_Site/AM/ContentManagerNet/ContentDisplay.aspx?Section=Web_Site&ContentID=8997 _zView this item free of charge at www.ciria.org |
| 942 | _n0 | ||
| 999 |
_c108652 _d108652 |
||